Văn hóa rượu của đồng bào Tày Nùng

Văn hóa rượu của đồng bào Tày Nùng: Truyện kể dân gian về rượu, phong cách uống rượtrò chơi dân về rượu, ca dao tục ngữ về rượu...

Gorde:
Xehetasun bibliografikoak
Egile nagusia: Dương Sách
Beste egile batzuk: Dương Thị Đào
Formatua: Liburua
Hizkuntza:Vietnamese
Argitaratua: H. Văn hóa thông tin 2013
Saila:ĐTTS ghi: Hội Văn nghệ dân gian Việt Nam
Gaiak:
Etiketak: Etiketa erantsi
Etiketarik gabe, Izan zaitez lehena erregistro honi etiketa jartzen!
Thư viện lưu trữ: Mạng thư viện Đại học Đà Nẵng
LEADER 01453nam a2200373 4500
001 000019590
003 16025
005 20140722100707.0
008 140620s2013 viesd
041 0 |a vie 
082 1 4 |a 394.13  |b DƯ-S 
100 1 |a Dương Sách 
245 1 0 |a Văn hóa rượu của đồng bào Tày Nùng  |c Dương Sách, Dương Thị Đào 
260 |a H.  |b Văn hóa thông tin  |c 2013 
300 |a 227 tr.  |c 21 cm. 
490 |a ĐTTS ghi: Hội Văn nghệ dân gian Việt Nam 
500 |a phụ lục 221-227 
504 |a Thư mục tr. 259-263 
520 3 |a Văn hóa rượu của đồng bào Tày Nùng: Truyện kể dân gian về rượu, phong cách uống rượtrò chơi dân về rượu, ca dao tục ngữ về rượu... 
650 0 4 |a Văn hóa dân gian  |x Dân tộc Tày Nùng  |x Nghiên cứu  |z Việt Nam 
653 |a Văn hóa dân gian 
653 |a Dân tộc Tày Nùng 
653 |a Văn hóa rượu 
700 1 |a Dương Thị Đào 
OWN |a LSP 
AVA |a UDN50  |b LSP  |d 394.13 DƯ-S  |e available  |t Error 5001 Not defined in file expand_doc_bib_avail.  |f 1  |g 0  |h N  |i 0  |k 1 
999 |a From the UDN01 
AVA |a UDN50  |b LSP  |d 394.13 DƯ-S  |e available  |t Error 5001 Not defined in file expand_doc_bib_avail.  |f 1  |g 0  |h N  |i 0  |k 1 
TYP |a Monograph 
TYP |a Printed language 
980 |a Mạng thư viện Đại học Đà Nẵng